[Event "TUR-chT"]
[Site "Kocaeli"]
[Date "2008.06.29"]
[Round "10"]
[White "Atalik, Suat"]
[Black "Shanava, Konstantine"]
[Result "1/2-1/2"]
[WhiteElo "2592"]
[BlackElo "2519"]
[Annotator "Atalik,S"]
[PlyCount "74"]
[EventDate "2008.06.24"]
[EventType "team"]
[EventRounds "15"]
[EventCountry "TUR"]
[SourceTitle "CBM 125"]
[Source "ChessBase"]
[SourceDate "2008.07.30"]
[SourceVersion "1"]
[SourceVersionDate "2008.07.30"]
[SourceQuality "1"]

1. d4 Nf6 2. c4 e6 3. g3 Bb4+ 4. Bd2 Bxd2+ {He tries to get similar positions
to those from my game with Stojanovic last year in Bosnia.} 5. Qxd2 d5 6. Bg2
O-O 7. Nf3 c6 8. O-O Nbd7 ({I was curious about} 8... dxc4 $6 9. Ne5 b5 10. a4
$1 ({does not take advantage of Black's greedy line.} 10. b3 $6 cxb3 11. Nxc6 (
11. axb3 Bb7) 11... Nxc6 12. Bxc6 Rb8 13. axb3 Qb6 $11) 10... Nd5 11. axb5 cxb5
12. Nc3 f6 13. Ng4 $16) 9. Rc1 b6 $5 10. b4 $1 {I am happy about this move but
not the continuation.} (10. Ne5 Bb7 {was played by me in the above mentioned
game.}) (10. Qe3 Bb7 11. Nbd2 {does not look like delivering anything special.}
) 10... Bb7 11. Qb2 a5 12. cxd5 $6 (12. a3 $6 axb4 13. axb4 Rxa1 14. Qxa1 dxc4
15. Rxc4 Nd5 $40) 12... cxd5 13. b5 (13. bxa5 Rxa5 $11) 13... Qe7 14. Rc7 Rab8
15. Qa3 Qxa3 16. Nxa3 Rfc8 17. Rac1 Ne8 18. Rxc8 Rxc8 19. Rxc8 Bxc8 $11 {
Now, sitting behind this boring position, all of a sudden I remembered V.
Kovacevic-Velikov Luzern (ol) 1982, where the great Croat won a strange bishop
versus knight endgame with an isolated pawn.} 20. Nd2 $5 (20. Nb1 Nd6 21. Nc3
$11) 20... Bb7 {He eliminates the possibility of e4 with this one.} (20... Nd6
21. e4 $1 {impressed by that game I would have given myself an isolated pawn.}
dxe4 22. Nxe4 Nxe4 (22... Nf5 $2 23. g4) 23. Bxe4 Nf6 24. Bc6 Bd7 25. Nc4 Bxc6
26. bxc6 Nd5 27. Ne3 Nc7 28. Nc4 Nd5 $11 {still ends up as a draw.}) 21. f4 (
21. e4 $2 dxe4 22. Nxe4 Bxe4 23. Bxe4 Nd6 24. Bc6 Nf6 $17) (21. Nab1 Nd6 22.
Nc3 Kf8 $11) 21... Nd6 22. Ndb1 Kf8 (22... Nf5 23. Nc2) 23. Nc3 Ke7 24. Kf2 Nf6
25. h3 ({No need to exchange a central pawn with} 25. Na4 $2 Ng4+ 26. Kg1 Ne3
27. Nxb6 Ndf5 28. Na4 Kd6 29. Nc5 Kc7 $17) 25... Nfe8 26. e3 Nc7 27. g4 Bc8 28.
Bf1 Bd7 29. Bd3 f5 $5 {Going for the deadlock.} (29... h6 $11) 30. gxf5 exf5
31. h4 g6 (31... Ne4+ 32. Bxe4 dxe4 33. Ke2 $11 (33. Nc4 $2 Nxb5 34. Nxb5 Bxb5
35. Nxb6 Kd6 $19 {puts the knight in trouble.})) 32. Kg2 {Since I could not
find a clear continuation} ({after} 32. h5 $6 gxh5 $17 {I decided to maintain
the status quo.}) 32... Ke6 33. Kf1 Be8 34. Ke2 Ke7 35. Ke1 Ke6 36. Ke2 Ke7 37.
Ke1 Ke6 1/2-1/2

[Event "Kavala op 20th"]
[Site "Kavala"]
[Date "2011.08.06"]
[Round "9"]
[White "Atalik, Suat"]
[Black "Margvelashvili, Giorgi"]
[Result "1/2-1/2"]
[WhiteElo "2619"]
[BlackElo "2525"]
[Annotator "Atalik,S"]
[PlyCount "60"]
[EventDate "2011.07.30"]
[EventType "swiss"]
[EventRounds "9"]
[EventCountry "GRE"]
[SourceTitle "CBM 143 Extra"]
[Source "ChessBase"]
[SourceDate "2011.08.29"]
[SourceVersion "1"]
[SourceVersionDate "2011.08.29"]
[SourceQuality "1"]

1. d4 Nf6 2. c4 e6 3. g3 Bb4+ {The Bogo!} 4. Bd2 Bxd2+ (4... c5 $5 5. Bxb4 cxb4
6. Bg2 O-O 7. Nf3 d6 8. O-O Nc6 (8... Re8 9. a3 Nc6 10. axb4 Nxb4 11. Nc3 Bd7
12. Qb3 a5 13. e4 e5 14. Rad1 b6 15. Rfe1 Qc7 16. h3 $36) 9. a3 bxa3 10. Nxa3
e5 11. Nb5 $36) (4... Qe7 5. Nf3 Nc6 6. Nc3 $36) (4... a5 5. Bg2 O-O 6. Nf3 d6
{is the newly popular system.} 7. O-O Bxd2 (7... Nbd7 $2 8. Bg5) 8. Qxd2 Nbd7
9. Nc3 e5 10. h3 Re8 11. e4 $14) 5. Qxd2 d5 6. Bg2 Nbd7 7. Nf3 c6 8. O-O O-O {
I have had this with Shanava some years ago and Dalibor Sojanovic, alas I
could not make any headway.} 9. Rc1 (9. Qb4 a5) 9... b6 10. Qb4 $5 $146 {
There is always room for improvement over the board play.} (10. cxd5 cxd5 11.
Na3 Bb7 (11... Ba6 12. Nc2) 12. Ne5 Nxe5 13. dxe5 Nd7 14. f4 $14 {gives White
a miniscule edge after all.}) 10... Bb7 11. cxd5 cxd5 (11... Nxd5 12. Qa3 $1 {
the most consequent square.} (12. Qb3 c5 13. Nc3 (13. dxc5 Rc8) 13... Qe7 $11)
(12. Qe1 c5 13. Nc3 Qe7 $11) 12... c5 13. Nc3 $14) 12. Nc3 a5 13. Qd6 (13. Qa3
Ba6) 13... Qb8 14. Qxb8 Raxb8 $14 {This should be slightly better for White
due to the weakness of b5 square.} 15. Nb5 Ba6 16. a4 Rfc8 17. Nd2 Kf8 (17...
Rxc1+ 18. Rxc1 Rc8 19. Rxc8+ Bxc8 20. e4 $5 dxe4 21. Nxe4 Nxe4 22. Bxe4 $11 {
I have thought thatshould have led to a similar endgame from Luzern 82,Vlado
Kovacevic-Velikov but there were some certain different issues there.}) 18. e3
Bxb5 $6 (18... Rxc1+ 19. Rxc1 Rc8 20. Rxc8+ Bxc8 21. Bf1 $14) 19. axb5 Rxc1+
20. Rxc1 Ke7 21. Rc6 $6 {An absolutly emtpty move!} (21. f3 Kd8 22. Nb1 (22. e4
$2 dxe4 23. fxe4 e5 $15 {is an instructive mistake.}) 22... Ne8 23. Bf1 Nd6 24.
Kf2 $14) 21... Kd8 22. e4 dxe4 23. Nxe4 Nxe4 24. Bxe4 Nf6 25. f3 $1 {From this
moment on White had to be careful as well.} (25. Bf3 Nd7 26. Rd6 Ke7 27. Rc6 e5
$1 $36) (25. Bg2 Ng8 $40) 25... g6 ({There were some insane looking
possibilities:} 25... Ng8 26. d5 Ne7 27. d6 Nc8 (27... Nxc6 28. bxc6 Rc8 29.
c7+ Kd7 30. Bb7 Rh8 31. Kf2 $11) 28. Bxh7 g6 29. Bg8 Rb7 30. h4 Rd7 31. g4 $13)
26. Kf2 (26. d5 Nxd5 27. Bxd5 exd5 28. Kf2 Kd7 29. Ke3 Re8+ 30. Kd4 (30. Kd3
Re6) 30... Re2 31. Rxb6 Rxb2 32. Kxd5 $11 {I doubt if any side could have won
this.}) (26. g4 $5 Rc8 27. Rxb6 Nxe4 28. fxe4 Rc4 29. Rb7 Rxd4 30. Rxf7 Rxe4
31. Rxh7 Rxg4+ 32. Kf1 Rb4 33. Rg7 Rxb2 34. Rxg6 Ke7 35. Rg7+ Kd6 36. h4 Rxb5
37. Kg2 Kc6 38. Re7 $11) 26... Ne8 27. Ke2 {I have had many other interesting
options but the result would not be impressive in any case.} (27. Ke3 Nc7 28.
Kf4 Nxb5 29. Ke5 Ke7 30. d5 f6+ 31. Kf4 $44) (27. g4 Nc7 28. f4 Nxb5 29. d5
exd5 30. Bxd5 Kd7 31. f5 $1 $44) (27. d5 f5 28. Bd3 exd5 29. Ke3 Ke7 30. Kd4
Nf6 31. Bc2 $5 $44 (31. Rc7+ Ke6 32. Rc6+ $11)) (27. b4 axb4 28. Rc4 b3 29. Rb4
Nd6 30. Rxb3 $13) 27... Nc7 28. Bd3 (28. d5 exd5 (28... Nxb5 29. Ke3 $44) 29.
Bxd5 Nxd5 30. Rd6+ Ke7 31. Rxd5 Rc8 32. Kd3 $13) 28... Nd5 29. Be4 Ne7 $5 ({
I was expecting more} 29... Nb4 30. Rc3 Rc8 31. f4 Kd7 (31... Rxc3 $6 32. bxc3
Nd5 33. Kd3 a4 34. Bxd5 exd5 35. Kc2 Ke7 36. Kb2 Ke6 37. Ka3 Kf5 38. Kxa4 Ke4
39. Kb4 Kd3 40. c4 dxc4 (40... Kxd4 $4 41. c5 bxc5+ 42. Ka3 $1 $18 {like
Botvinnik pointed out Reuben Fine's mistake in a similar endgame!}) 41. d5 c3
42. d6 c2 43. d7 c1=Q 44. d8=Q+ $16) 32. Kd2 Rc7 33. g4 f5 34. gxf5 gxf5 35.
Bf3 $11) (29... Nc7 30. Bd3 $1 $132) 30. Rc3 (30. Rc4 Rc8 31. b3 Nd5 $11) 30...
Kd7 {A draw has become the normal outcome of this endgame when the bishop
controls the knight.} (30... Kd7 31. f4 $11) (30... Rc8 31. f4 $11) 1/2-1/2

[Event "Podlehnik"]
[Site "Podlehnik"]
[Date "2001.04.24"]
[Round "1"]
[White "Atalik, Suat"]
[Black "Krumpacnik, Domen"]
[Result "1-0"]
[WhiteElo "2543"]
[BlackElo "2371"]
[Annotator "Atalik,S"]
[PlyCount "85"]
[EventDate "2001.04.24"]
[EventType "tourn"]
[EventRounds "10"]
[EventCountry "SLO"]
[EventCategory "9"]
[SourceTitle "CBM 083"]
[Source "ChessBase"]
[SourceDate "2001.07.05"]
[SourceVersion "1"]
[SourceVersionDate "2001.07.05"]
[SourceQuality "1"]

1. d4 Nf6 2. c4 e6 3. Nf3 Bb4+ 4. Bd2 Qe7 5. g3 O-O 6. Bg2 d5 {The first
unusual move.} (6... Nc6 7. Nc3 Bxc3 8. Bxc3 Ne4) 7. O-O Rd8 {Actually around
here I have thought that my opponent came up with something completely new.
However he had couple of games like this before.} 8. Qc2 Nc6 9. Bc3 $5 $146 {
People tried couple of sensible things around here.However I am satisfied with
this move too.} dxc4 (9... Ne4 10. a3 Bxc3 11. Nxc3 Nxc3 12. Qxc3 $14) 10. Nbd2
Na5 (10... Bxc3 11. bxc3 e5 12. e3 $44 {is my idea.However my opponent has
decided to play in a different way.}) 11. Ne5 Rb8 {This is a very critical
position.First I have seen that I can not win a piece with 12.Qa4,then all the
possible variations have started to look leading for equality.} 12. Rac1 $5 (
12. Qa4 Bxc3 13. bxc3 b6 14. Ndxc4 Bd7 $8 15. Nxd7 Qxd7 16. Qxd7 Nxd7 17. Nxa5
bxa5 $11) (12. a3 Bxc3 13. Qxc3 Nb3 $8 14. Nxb3 cxb3 15. Qxb3 Bd7 16. Rac1 Be8
17. Qc3 $14) (12. Ndxc4 Nxc4 13. Nxc4 Bxc3 14. Qxc3 (14. bxc3 c5) 14... c5 15.
dxc5 Qxc5 $11) 12... Nd5 13. e4 $6 {It was too early to seek complications.} (
13. Bxb4 Nxb4 14. Qa4 $1 b6 (14... Nac6 15. Nxc6 Nxc6 16. Bxc6 bxc6 17. Nxc4 a6
18. Rfd1 $14) 15. a3 Na6 16. Ndxc4 Rxd4 17. e3 Rxc4 (17... Nc5 $5 18. Qxa5 $3 (
18. Qb4 $2 Rxc4 19. Rxc4 Ba6 (19... Nxc4 $2 20. Nc6) 20. Rxc5 Qxc5 21. Qf4 Qe7
$5 $17 (21... Bxf1 $6 22. Qxf7+ Kh8 23. Nd7 Qf5 $1 (23... Qc1 $2 24. Bxf1 Rd8
25. Ne5 $1 $36 {is very dangerous for black.}) 24. Qxf5 exf5 25. Nxb8 Bxg2 26.
Kxg2 Nc4 27. Na6 Nxb2 28. Nxc7 Nc4 $11)) 18... bxa5 19. exd4 Na6 20. Nc6 Qd7
21. Nxb8 $14) 18. Rxc4 (18. Nxc4 $2 Nc5 19. Qb4 Nxc4 20. Rxc4 Ba6 $17) 18...
Nxc4 19. Qxc4 $44 {The weakness of c6 square combined with the awkward
position of black's piecesgives white a decent position.}) 13... Bxc3 14. bxc3
Nb6 15. Rfe1 f6 16. Nef3 c5 (16... e5 17. dxe5 fxe5 18. Nf1 $44) 17. e5 $2 {
Another mistake.It was completely unnecessary to give d5 square for black N.} (
17. Qb2 Na4 (17... cxd4 $6 18. cxd4 Bd7 19. Qc3) 18. Qa3 (18. Qb5 Qd7) 18... b5
$15) 17... f5 18. dxc5 Qxc5 19. g4 Nc6 $1 (19... fxg4 20. Ng5 g6 21. Nf1 $44)
20. gxf5 exf5 21. Nf1 Nd5 22. Qd2 Nde7 23. Qe2 (23. Qe3 Qxe3 24. Nxe3 b5) 23...
Ng6 24. Rcd1 Re8 $4 {This natural move spolis everything.} (24... Be6 25. Ng5
Qe7 $17) 25. Ng5 $1 {This absolutely turns the tables,now it is black who has
to be extremely careful not to lose the game immediately.} Nce7 (25... Nf4 26.
Qf3 Nd3 (26... Nxg2 $2 27. Qh5 $1 {This a very important motif which brings
danger into blacks situation.} Be6 28. Qxh7+ Kf8 29. Qh8+ Bg8 30. e6 $18) 27.
Rxd3 cxd3 28. Qh5 Be6 29. Qxh7+ Kf8 30. Re3 $40) 26. Qh5 (26. Bd5+ $4 Nxd5 27.
Qh5 Ndf4) 26... h6 27. Bd5+ Kh8 28. Bf7 $6 {White should settle for a draw
since things are not that simple as black has some tactical defenses in this
position.} (28. Nf7+ Kh7 29. Ng5+ $11) 28... Nf4 29. Qh4 $1 {Pin should not be
broken.} (29. Qf3 $2 hxg5 30. Bxe8 Be6 $17) 29... Neg6 30. Bxg6 Nxg6 31. Qh5
Qc6 $2 (31... Qe7 $1 32. Qxg6 (32. Rd6 $2 Nf4 33. Nf7+ Kg8 34. Nxh6+ gxh6 $19)
32... Qxg5+ 33. Qxg5 hxg5 34. Rd6 Be6 35. Nd2 $44) 32. Rd4 $1 {The only way to
put some flame into the attack is just to cut the possibility of Q sacrifice
out.} (32. Rd6 $2 Qg2+ $1 (32... Nf4 33. Nf7+ Kg8 34. Rxc6 Nxh5 35. Rc7 $44)) (
32. Nf7+ $2 Kg8 33. Nd8 Qg2+ $1) 32... Kg8 33. Rxc4 $1 Qxc4 34. Qxg6 Be6 $1 {
After the needless check blay may get into unsurmountable difficulties.} (34...
Qg4+ $2 35. Ng3) 35. Qh7+ Kf8 36. Ne3 Qxc3 37. Nxe6+ Rxe6 38. Rd1 $2 {Brave
but stupid.} (38. Qxf5+ Rf6 39. exf6 Qxe1+ 40. Kg2 Re8 $1 (40... Qc3 $2 41. Qh7
$18) (40... Qb4 $2 41. fxg7+ Kg8 42. Qe6+ Kh7 43. Ng4 $40) 41. Qg6 gxf6 42.
Qxf6+ Kg8 43. Qg6+ Kf8 44. Qxh6+ Ke7 45. Nd5+ Kf7 46. Qh7+ Kf8 47. Qf5+ $11 {
Black should not lose this.}) 38... Qxe5 $2 $138 {Short of time black starts
giving the signs of a setback.} (38... Qc7 39. Qxf5+ Qf7 40. Qe4 $44) (38...
Rbe8 $1 39. Nxf5 Qxe5 40. Rd7 R8e7 41. Rd8+ Kf7 42. Qg8+ Kg6 $17) 39. Rd5 $11 {
White has to settle for a draw.} ({Unfortunately} 39. Rd7 $2 {loses to} Re7 40.
Rd5 g6 $3 $19) 39... Qc7 $4 (39... Qa1+ 40. Rd1 Qe5 41. Rd5 {would have led to
a share of points by repetition.}) 40. Rxf5+ $18 Ke8 41. Qg8+ Kd7 (41... Ke7
42. Qxg7+ $18 (42. Qf7+ $18)) 42. Qxg7+ {All the roads lead to Rome!} (42. Qf7+
Re7 43. Rd5+ Kc6 44. Qg6+ $18) (42. Rd5+ $2 Rd6 43. Qf7+ Kc8 44. Qf8+ (44. Qe8+
$2 Qd8 45. Rc5+ Rc6 {is self destructive for white.}) 44... Kd7 45. Qf5+ $11)
42... Re7 43. Rd5+ (43. Rd5+ Kc6 44. Qc3+ (44. Qxh6+ $18) 44... Kb6 45. Qa5+
Kc6 46. Qb5#) 1-0

[Event "SRB Central-ch op-A 9th"]
[Site "Paracin"]
[Date "2016.07.09"]
[Round "3"]
[White "Atalik, Suat"]
[Black "Nestorovic, Lazar"]
[Result "1-0"]
[WhiteElo "2564"]
[BlackElo "2340"]
[Annotator "Atalik,S"]
[PlyCount "69"]
[EventDate "2016.07.07"]
[EventType "swiss"]
[EventRounds "9"]
[EventCountry "SRB"]
[SourceTitle "CBM 174"]
[Source "ChessBase"]
[SourceDate "2016.09.13"]
[SourceVersion "1"]
[SourceVersionDate "2016.09.13"]
[SourceQuality "1"]

1. d4 Nf6 2. c4 e6 3. Nf3 Bb4+ 4. Bd2 Qe7 (4... Bxd2+ 5. Nfxd2 $5 {should be
called extravaganza!} (5. Qxd2 d5 6. Nc3 O-O 7. e3 Qe7 8. Qc2 $5 {provides a
long and positional fight.} (8. Rc1 Rd8 9. Qc2)) 5... d5 6. e3 O-O 7. Nc3 $13)
5. g3 Bxd2+ 6. Nfxd2 $5 {Inspiration over the board.} (6. Qxd2 Nc6 7. b3 (7.
Nc3 d5 8. cxd5 exd5 9. Bg2 O-O 10. O-O $13) (7. Bg2 Ne4 8. Qc2 Qb4+ 9. Kf1 d5
10. e3 O-O 11. Nbd2 Nxd2+ 12. Nxd2 $14) 7... d5 8. Bg2 O-O 9. O-O Rd8 10. Qb2
$14) 6... Nc6 {d6 and d5 are more critical lines.} (6... d6 7. Nc3 e5 8. Nd5 $5
(8. d5 e4 9. e3 O-O 10. h3 Nbd7 11. Be2 a5 12. Kf1 Nc5 13. Nb3 Nxb3 14. axb3
Bd7 15. Qd4 $13) 8... Qd8 9. Nxf6+ Qxf6 10. Ne4 Qe7 11. Bg2 O-O 12. O-O $14) (
6... d5 7. Nc3 O-O 8. e3 $13) (6... c5 $6 7. dxc5 Qxc5 (7... Na6 $6 8. Nc3 Nxc5
9. b4) 8. Nc3 O-O 9. Bg2 Nc6 10. O-O $16) 7. e3 b6 $5 (7... e5 8. d5 Nb8 9. Nc3
$14) 8. Nc3 Bb7 9. Bg2 (9. Rg1 $5 {Too much of an extravaganza.}) 9... O-O-O $1
10. a3 Kb8 11. O-O $5 (11. b4 h5 12. h4 (12. h3 h4 13. g4) 12... Ng4 13. c5 $13
) 11... h5 12. h3 d5 (12... h4 13. g4 Nh7 14. Qa4) 13. Qa4 Rh6 (13... h4 14. g4
) (13... g5 14. b4) 14. h4 $1 {A good switch of plans.} Rg8 15. cxd5 Nxd5 (
15... exd5 16. Nf3) 16. Nxd5 exd5 17. Nf3 Rd6 18. Rac1 f6 19. Rc3 Nd8 20. Rfc1
Ne6 21. b4 (21. Bh3 c6 22. b4) 21... g5 22. Qc2 $16 {The problem with Black's
position is that he does not have any real chance for a counter-attack.} Ba6 $2
23. a4 Bc4 24. hxg5 $1 (24. Rxc4 dxc4 25. Qe4 (25. Qxc4 Rc8) 25... f5 26. Qxf5
gxh4 27. Nxh4 Ng5 28. Rxc4 $16) 24... Nxg5 (24... fxg5 25. Ne5) 25. Nd2 $1 (25.
Nxg5 fxg5 26. e4 $1 (26. Rxc4 $6 dxc4 27. Qxc4 $13)) (25. Rxc4 Nxf3+ 26. Bxf3
dxc4 27. Qxc4 Rg5 $14) 25... h4 26. Nxc4 dxc4 27. Rxc4 Rg7 28. g4 h3 29. Bh1
Qd7 (29... h2+ 30. Kf1) 30. Kf1 (30. Kh2 $5 {is also possible but I like the
text.}) 30... h2 31. b5 (31. a5 $18) 31... Qxg4 $2 {The last mistake in a
difficult position.} 32. Rxc7 $18 Qh3+ (32... Qg1+ 33. Ke2 Qg4+ 34. f3 $1 $18 (
34. Kd2 $4 Rxd4+ 35. exd4 Qxd4+ (35... Qf4+) 36. Ke2 Qe5+)) 33. Ke2 Qh5+ 34. f3
(34. Kd2 Rxd4+ 35. exd4 {also wins now but the text is principled.}) 34... Ne6
35. Rb7+ $1 1-0

[Event "BIH-chT"]
[Site "Neum"]
[Date "2000.08.27"]
[Round "3"]
[White "Atalik, Suat"]
[Black "Leventic, Ivan"]
[Result "1/2-1/2"]
[WhiteElo "2549"]
[BlackElo "2387"]
[Annotator "Atalik,S"]
[PlyCount "64"]
[EventDate "2000.08.25"]
[EventType "team"]
[EventRounds "9"]
[EventCountry "BIH"]
[SourceTitle "CBM 078"]
[Source "ChessBase"]
[SourceDate "2000.10.18"]
[SourceVersion "1"]
[SourceVersionDate "2000.10.18"]
[SourceQuality "1"]

1. d4 e6 2. c4 Bb4+ 3. Bd2 c5 4. Bxb4 cxb4 5. g3 Nf6 6. Bg2 O-O 7. Nf3 (7. Nh3
$5) 7... d6 8. O-O Qc7 9. Nbd2 (9. Qd3 {is better as I have understood after
this game.}) 9... Nc6 10. e4 Bd7 (10... e5 11. d5 Ne7 12. a3) 11. Re1 e5 12.
Nb3 Rfe8 13. Rc1 b6 $1 14. c5 $6 (14. Qd2 $142) 14... bxc5 (14... dxc5 $1 15.
dxc5 $8 (15. Nxe5 $2 Nxe5 16. dxe5 Rxe5 (16... Qxe5 17. f4 Qxb2 18. Re2 $1 Qa3
19. e5 $18) 17. f4 Re7 18. e5 Rae8 19. Qd2 Ng4 20. h3 (20. Qxb4 Qxe5 21. Rxe5
cxb4 22. Rxe7 Rxe7 23. Rc7 (23. h3 Ne3) 23... Re1+ 24. Bf1 Rd1 25. Rxa7 h5 $19)
20... Nh6 21. g4 $17)) 15. dxc5 dxc5 16. Nxc5 Bg4 17. Qa4 Qb6 $1 (17... Bxf3 $2
18. Na6) 18. Qa6 Bxf3 19. Bxf3 Nd4 20. Kg2 Red8 $1 21. Re3 (21. Rc4 $2 $19 Rac8
) 21... Rdc8 22. Qxb6 axb6 23. Nd3 Rxc1 24. Nxc1 Nd7 25. Bd1 $8 Nc5 26. f3 (26.
Bb3 $2 Ndxb3 27. axb3 Rd8 $17) 26... Kf8 27. Kf2 f6 $6 (27... Ke7 28. Ke1 Kd6
29. Kd2 f5 30. exf5 Nxf5 31. Re1 Nd4 $17) 28. Ke1 Ke7 29. Kd2 Rd8 30. Ke1 Ra8
31. Kd2 Rd8 32. Ke1 Ra8 1/2-1/2

[Event "EU-ch 7th"]
[Site "Kusadasi"]
[Date "2006.04.08"]
[Round "5"]
[White "Atalik, Suat"]
[Black "Berescu, Alin Mile"]
[Result "0-1"]
[WhiteElo "2632"]
[BlackElo "2461"]
[Annotator "Atalik,S"]
[PlyCount "132"]
[EventDate "2006.04.04"]
[EventType "swiss"]
[EventRounds "13"]
[EventCountry "TUR"]
[SourceTitle "CBM 111 Extra"]
[Source "ChessBase"]
[SourceDate "2006.05.09"]
[SourceVersion "1"]
[SourceVersionDate "2006.05.09"]
[SourceQuality "1"]

1. d4 Nf6 2. c4 e6 3. Nf3 Bb4+ 4. Nbd2 Nc6 $6 {A very strange move.} 5. a3
Bxd2+ 6. Qxd2 $1 a5 {Another weird move.} 7. b3 (7. d5 Ne7 8. dxe6 fxe6 9. b3
$14 {Looked playable for black to me.}) 7... Qe7 $2 {He does not want to push
d6 that day.} (7... d6 8. e3 O-O 9. Bb2 Qe7 10. Be2 $14) 8. d5 exd5 9. cxd5 Ne5
10. Bb2 d6 11. Nxe5 dxe5 12. Qg5 $1 {Simple geometry.} O-O 13. Bxe5 Ra6 14. e3
(14. e4 h6 15. Qg3 Rb6 (15... Nh5 16. Qc3) 16. Be2 $18) 14... h6 15. Qf4 $4 {
A losing move instead of the simple winning one.} (15. d6 $1 {wins right away!}
Qe6 16. Qf4 Nh5 17. Qd4 cxd6 18. Bxa6 dxe5 19. Qd1 Qxa6 20. Qxh5 $18 {was not
that difficult to calculate out.}) 15... Nxd5 16. Qd4 Re6 $19 {Now white is
lost.What a turn of events.} 17. Bg3 (17. Bxg7 Nxe3 (17... Rd8 18. O-O-O (18.
Rd1 Rdd6) 18... Qxa3+ 19. Qb2 Qc5+ 20. Bc4 b5 $19) 18. fxe3 Rd8 19. Qb2 Rxe3+
20. Kf2 Qc5 $1 $19) 17... Nxe3 $1 18. fxe3 Rd8 19. Qa7 (19. Qf4 g5 $1 (19...
Rf6 $2 20. Qe5 Re6 21. Qxc7 Qf6 22. Qc1 Rde8 23. Bf2 Rc6 24. Bc4 b5 25. O-O
bxc4 26. bxc4 $15) 20. Qf2 Rf6 21. Qe2 Bg4 $19) 19... Rxe3+ 20. Kf2 Rxg3 $1 $19
{This practically finishes the game.} 21. hxg3 (21. Kxg3 Qe5+ $19) (21. Re1
Rxg2+ $1 $19 (21... Rd2+ $19)) 21... Qf6+ 22. Kg1 Qxa1 23. Rh4 Qxa3 24. Rf4
Qxb3 25. Bc4 Qxg3 26. Rxf7 Kh7 27. Qxa5 {3 pawns are too much,I had to resign
here.} Qe3+ 28. Kh2 Rd4 29. Rf3 Rh4+ 30. Kg3 Qg5+ 31. Qxg5 hxg5 32. Bd3+ Kg8
33. Bg6 Rh6 34. Bf7+ Kh7 35. Re3 Bf5 36. Re7 Rc6 37. Re1 g6 38. Re7 Kh6 39. Bd5
Rc3+ 40. Kf2 Rc2+ 41. Kf3 c6 42. Bg8 g4+ 43. Kf4 Rf2+ 44. Kg3 Rb2 45. Kh4 g5+
46. Kg3 Kg6 47. Rc7 Rb4 48. Re7 Kf6 49. Rf7+ Ke5 50. Rg7 Kd6 51. Rxg5 {I won a
pawn!} Bd7 52. Rg6+ Kc5 53. Rg5+ Kb6 54. Rg7 Rd4 55. Kf2 c5 56. Ke3 Ka5 57. Rg5
Kb4 58. Bd5 b5 59. Rh5 Kc3 60. Be4 c4 61. Rh1 Rd6 62. Rc1+ Kb4 63. g3 Kc5 64.
Ra1 b4 65. Ra7 b3 66. Rc7+ Bc6 0-1